| 000 | 00762nam a22002537a 4500 | ||
|---|---|---|---|
| 003 | PE SENCICO BE | ||
| 005 | 20251020182637.0 | ||
| 008 | 230517b |||||||| |||| 00| 0 eng d | ||
| 040 |
_aPE SENCICO BE _cPE SENCICO BE |
||
| 041 |
_aspa _aeng |
||
| 082 |
_a747 _bE8 |
||
| 110 | 1 |
_91042 _aEuropean Masters |
|
| 245 | 1 |
_aAnnual of interior design/2 / _cEuropean Masters |
|
| 250 | _a[1a ed.] | ||
| 260 |
_aBarcelona : _bAtrium, _c[1989] |
||
| 300 |
_a271 p. : _bil. col., .lams.; _c33 cm. |
||
| 650 | 1 | 4 |
_944 _aDiseño de interiores |
| 650 | 2 | 4 |
_925 _aDecoración de interiores |
| 650 | 2 | 4 |
_9199 _aDistribución de espacios (viviendas) |
| 650 | 2 | 4 |
_9282 _aArquitectos |
| 650 | 2 | 4 |
_9370 _aArquitectura de viviendas |
| 910 |
_bhfp _chfp |
||
| 942 |
_2ddc _cLIB |
||
| 999 |
_c4158 _d4158 |
||